NUTRITIONAL SURVEILLANCE / (Record no. 14934)
[ view plain ]
| 000 -الفاتح | |
|---|---|
| حقل البيانات ثابتة الطول | 00531nam a2200205Ia 4500 |
| 008 - عناصر البيانات ثابتة الطول - معلومات عامة | |
| حقل البيانات ثابتة الطول | 140319s9999 xx 000 0 eng d |
| 040 ## - مصدر الفهرسة | |
| وكالة الفهرسة الأصلية | GCL / |
| وكالة النسخ | GCL |
| 082 04 - رقم تصنيف ديوى العشرى | |
| رقم التصنيف | 616.39 |
| رقم المادة | M N |
| 100 1# - المدخل الرئيسى - إسم شخصى | |
| الإسم الشخصى | MASON, JOHN B |
| 245 10 - بيان العنوان | |
| العنوان | NUTRITIONAL SURVEILLANCE / |
| بيان المسئوليه,etc | MASON, JOHN B |
| 700 1# - المدخل الاضافى - اسم شخصى | |
| الإسم الشخصى | HABICHT, JEAN PIERRE |
| 700 1# - المدخل الاضافى - اسم شخصى | |
| الإسم الشخصى | TABATABAI, H |
| 700 1# - المدخل الاضافى - اسم شخصى | |
| الإسم الشخصى | VALVERDE, V |
| 260 ## - PUBLICATION, DISTRIBUTION, ETC. (IMPRINT) | |
| تاريخ النشر أو التوزيع | 1984 |
| 300 ## - الوصف المادى | |
| التعداد | 194 P |
| 650 04 - المدخل الاضافى بالموضوع-مصطلح موضوعى | |
| مصطلح موضوعي | NUTRITION |
| 650 04 - المدخل الاضافى بالموضوع-مصطلح موضوعى | |
| مصطلح موضوعي | NUTRITION SURVEYS |
| 942 ## - عناصر المدخل الإضافي( كوها) | |
| مصدر التصنيف او مخطط الترفيف | Dewey Decimal Classification |
| Koha [default] item type | كتاب |
| 260 ## - PUBLICATION, DISTRIBUTION, ETC. (IMPRINT) | |
| -- | [S.N] : |
| -- | WORLD HEALTH ORGANIZATION ، |
| حالة التراجع | حالة الفقد | حالة تلف | ليس للاعارة | المكان المؤقت | الموقع الحالى | تاريخ الاكتساب | اجمالي اﻻعارات | رقم الطلب | الباركود | تاريخ اخر مشاهدة | تاريخ تفعيل السعر | نوع وعاء كوها |
|---|---|---|---|---|---|---|---|---|---|---|---|---|
| مكتبة القاهرة الكبرى | مكتبة القاهرة الكبرى | 03/26/2014 | 616.39\M N | 27885 | 03/26/2014 | 03/26/2014 | كتاب |

